| 000 | 00804cab a2200229 4500 | ||
|---|---|---|---|
| 001 | WB2940-37 | ||
| 008 | 090401t1993 xxu||||| |||| 00| 0 eng d | ||
| 035 | _a(Sirsi) u58947 | ||
| 041 | _aeng | ||
| 100 | _aChambers, M. | ||
| 245 | _aArchitects and surveyors | ||
| 260 | _c1993 | ||
| 350 | _a0 | ||
| 490 |
_aCSW - The Property Week _v45(4) 28 October 1993, 55(1) |
||
| 520 | _aThe RICS and RIBA have taken opposing stances on architects` deregulation which repeal of the Architects Registration Acts would introduce; such a move would be welcomed by the RICS. | ||
| 650 | _aARCHITECTS REGISTRATION (AMENDMENT) ACT 1969 | ||
| 650 | _aARCHITECTS REGISTRATION COUNCIL | ||
| 650 | _aARCUK | ||
| 690 | _aMANAGEMENT-BUSINESS MANAGEMENT-PROFESSIONAL PRACTICE | ||
| 942 | _n0 | ||
| 948 | _c04/03/1997 | ||
| 999 |
_c36072 _d36072 |
||